| 000 | 00454nam a2200205Ia 4500 | ||
|---|---|---|---|
| 008 | 210210b1846 xxu||||| |||| 00| 0 eng d | ||
| 041 | _aeng | ||
| 082 | _a942/190 | ||
| 100 | _aOCONNELL (D) | ||
| 245 | _aMemoir on Ireland, native and saxon | ||
| 260 |
_aMadras _b- _c1846 |
||
| 650 | _asaxon | ||
| 650 | _aon | ||
| 650 | _anative | ||
| 650 | _aMemoir | ||
| 650 | _aIreland, | ||
| 650 | _aand | ||
| 690 | _aEuropean History | ||
| 906 | _a025597 | ||
| 999 |
_c151478 _d151478 |
||